Estonsko na politické mapě
Vznik Estónska z geopolitického hľadiska. Miesto Estónska na politickej mape, zahraničná politika. Hlavný základ a vytváranie estónskej identity.
Saved in:
| Main Author: | |
|---|---|
| Format: | Book Chapter |
| Language: | Czech |
| Subjects: | |
| Tags: |
No Tags, Be the first to tag this record!
|
MARC
| LEADER | 00000naa$a2200000$$$4500 | ||
|---|---|---|---|
| 001 | 0004261 | ||
| 005 | 20231004105859.6 | ||
| 041 | 0 | |a cze | |
| 044 | |a CZ | ||
| 245 | 1 | 0 | |a Estonsko na politické mapě |c aut. Ivi Zájedová |
| 520 | |a Vznik Estónska z geopolitického hľadiska. Miesto Estónska na politickej mape, zahraničná politika. Hlavný základ a vytváranie estónskej identity. | ||
| 610 | 2 | 0 | |a Estónsko |
| 610 | 2 | 0 | |a identita |
| 610 | 2 | 0 | |a politika zahraničná |
| 610 | 2 | 0 | |a Rusko |
| 610 | 2 | 0 | |a história |
| 100 | 1 | |a Zájedová, Ivi | |